La filosofía política de Italia en el siglo XIX / (Record no. 108410)

MARC details
000 -LEADER
campo de control de longitud fija 00534nam a2200169 4500
001 - NÚMERO DE CONTROL
campo de control 108410
003 - IDENTIFICADOR DE NÚMERO DE CONTROL
campo de control ES-MaACL
005 - FECHA Y HORA DE LA ÚLTIMA TRANSACCIÓN
campo de control 20230906184635.0
007 - CAMPO FIJO DE DESCRIPCIÓN FÍSICA--INFORMACIÓN GENERAL
campo de control de longitud fija t|
008 - DATOS DE LONGITUD FIJA--INFORMACIÓN GENERAL
campo de control de longitud fija 061121s1942 ag r ||||1| spa d
100 1# - ENTRADA PRINCIPAL--NOMBRE DE PERSONA
Nombre de persona Mondolfo, Rodolfo.
9 (RLIN) 82147
245 13 - MENCIÓN DEL TÍTULO
Título La filosofía política de Italia en el siglo XIX /
Mención de responsabilidad, etc. Rodolfo Mondolfo; traducido del italiano por Alberto Mantica.
260 ## - PUBLICACIÓN, DISTRIBUCIÓN, ETC.
Lugar de publicación, distribución, etc. Buenos Aires :
Nombre del editor, distribuidor, etc. Imán,
Fecha de publicación, distribución, etc. 1942.
300 ## - DESCRIPCIÓN FÍSICA
Extensión 136 p. ;
Dimensiones 21 cm.
700 1# - ENTRADA AGREGADA--NOMBRE PERSONAL
Nombre de persona Mantica, Alberto.
9 (RLIN) 76164
852 ## - LOCALIZACIÓN
Ubicación ES-MaACL
Número de control de estantería D-5413
Sublocalización o colección R.30658
Holdings
Estatus retirado Estado de pérdida Estado de daño No para préstamo Biblioteca de origen Biblioteca actual Ubicación en estantería Fecha de adquisición Fuente de adquisición Total de préstamos Signatura topográfica completa Código de barras Visto por última vez Precio de reemplazo Tipo de ítem Koha
        Biblioteca del Ateneo de Madrid Biblioteca del Ateneo de Madrid Sala Valle Inclán 17/01/2008     D-5413 901113125 23/02/2023 23/02/2023 Libro impreso